000
00259nam a2200109Ia 4500
008
240625s9999 xx 000 0 und d
041
_a
eng
082
_a
332 JAC
100
_a
JACKSON MARY
245
_a
ADVANCED MODELLING IN FINANCE USING EXCE
260
_c
2001
999
_c
34658
_d
34658